Predsedníctvo členskej krajiny v Rade Európskej únie diplomová práca

Uložené v:
Podrobná bibliografia
Hlavný autor: Husárová, Barbora
Korporativný autor: Fakulta medzinárodných vzťahov EU. Katedra medzinárodného práva
Ďalší autori: Pyteľová, Klaudia, 1985-
Médium: Kniha
Jazyk:Slovak
Vydavateľské údaje: Bratislava 2015
Tagy: Pridať tag
Žiadne tagy, Buďte prvý, kto otaguje tento záznam!

MARC

LEADER 00000nbm a2200000 4500
001 0201162
005 20161212100012.7
041 0 |a slo 
044 |a SK 
245 1 0 |a Predsedníctvo členskej krajiny v Rade Európskej únie  |b diplomová práca  |c Barbora Husárová ; školiteľ: Klaudia Pyteľová 
264 1 |a Bratislava  |c 2015 
300 |a 99 s. 
100 1 |a Husárová, Barbora 
700 1 |a Pyteľová, Klaudia, 1985- 
710 2 |a Fakulta medzinárodných vzťahov EU. Katedra medzinárodného práva